Euroopan 10 läntisintä pääkaupunkia - Statistics

Yleistilastot
  • Tätä visaa on pelattu 957 kertaa
  • Keskiarvotulos 9 / 10
Vastaustilastot
Pituuspiiri Pääkaupunki % Oikein
3°41′W Madrid
98%
0°07′W Lontoo
97%
9°08′W Lissabon
95%
2°21′E Pariisi
95%
21°56′W Reykjavík
94%
6°16′W Dublin
93%
4°54′E Amsterdam
92%
4°21′E Bryssel
88%
6°07′E Luxemburg
78%
1°52′E Andorra la Vella
77%
Ehtoja vastaavia visoja ei löytynyt
Tulosjakauma
Jokaisen tuloksen saaneiden osuus
Persentiili vastausten määrän mukaan
Tuloshistoriasi
Et ole pelannut tätä visaa